000 00656nam a2200229Ia 4500
003 OSt
005 20220926011013.0
006 a|||||r|||| 00| 0
007 ta
008 220923b |||||||| |||| 00| 0 eng d
037 _cGeneral Book
040 _aRTL
_cRTL
_beng
041 _2eng
_aeng
082 _aX65:8, M3
100 _aHarrington Diana R
_9267013
245 0 _aModern portfolio theory and the capital assest pri
260 _aNew Jersey
_bPrentice Hall
_c1983
300 _aviii, 136p. Bib chapterwise
_ccm.
650 _aInvestment
942 _hX65:8, M3
_cGB
_2CC
999 _c618824
_d618824